comparaison des differentes techniques d'irrigation sur le poivr on vert a la station experimentale de l'universite royale d'agriculture (ប្រៀបធៀបបច្ចេកទេសស្រោចស្រពផ្សេងៗគ្នា ទៅលើដំណាំម្ទេសហាវ៉ៃក្នុងស្ថានីយ៍ពិសោធន៍ដំណាំនៃសាកលវិទ្យាល័យភូមិន្ទកសិកម្ម) (Record no. 1456)

000 -LEADER
fixed length control field 00821nam a22001337a 4500
040 ## - CATALOGING SOURCE
Transcribing agency RUA
082 ## - DEWEY DECIMAL CLASSIFICATION NUMBER
Classification number AGR AN 2010 B064 Or.1
100 ## - MAIN ENTRY--AUTHOR NAME
Personal name AN, CHANKOMAR.
245 ## - TITLE STATEMENT
Title comparaison des differentes techniques d'irrigation sur le poivr on vert a la station experimentale de l'universite royale d'agriculture (ប្រៀបធៀបបច្ចេកទេសស្រោចស្រពផ្សេងៗគ្នា ទៅលើដំណាំម្ទេសហាវ៉ៃក្នុងស្ថានីយ៍ពិសោធន៍ដំណាំនៃសាកលវិទ្យាល័យភូមិន្ទកសិកម្ម)
260 ## - PUBLICATION, DISTRIBUTION, ETC. (IMPRINT)
Place of publication Phnom Penh
Name of publisher RUA
Year of publication 2010
300 ## - PHYSICAL DESCRIPTION
Number of Pages iv, 48p.
Other physical details ill.
Dimensions 29cm.
856 ## - ELECTRONIC LOCATION AND ACCESS
Uniform Resource Identifier https://drive.google.com/file/d/1VFtLP-GVrlk_ZqBq2WA4GZHnMVh94ztj/view?usp=sharing
942 ## - ADDED ENTRY ELEMENTS (KOHA)
Koha item type AGR
952 ## - LOCATION AND ITEM INFORMATION (KOHA)
Withdrawn status [LOCAL, KOHA] 0
952 ## - LOCATION AND ITEM INFORMATION (KOHA)
Withdrawn status [LOCAL, KOHA] 0
952 ## - LOCATION AND ITEM INFORMATION (KOHA)
Withdrawn status [LOCAL, KOHA] 0
952 ## - LOCATION AND ITEM INFORMATION (KOHA)
Withdrawn status [LOCAL, KOHA] 0
952 ## - LOCATION AND ITEM INFORMATION (KOHA)
Withdrawn status [LOCAL, KOHA] 0
952 ## - LOCATION AND ITEM INFORMATION (KOHA)
Withdrawn status [LOCAL, KOHA] 0
952 ## - LOCATION AND ITEM INFORMATION (KOHA)
Withdrawn status [LOCAL, KOHA] 0
952 ## - LOCATION AND ITEM INFORMATION (KOHA)
Withdrawn status [LOCAL, KOHA] 0
952 ## - LOCATION AND ITEM INFORMATION (KOHA)
Withdrawn status [LOCAL, KOHA] 0
Holdings
Permanent Location Date acquired Koha item type Lost status Shelving location Barcode Current Location Full call number
Library Block B2015-09-29AGR B053RUA017952Library Block BAGR AN 2010 B064 Or.1
Library Block B2015-09-29AGR B053RUA017591Library Block BAGR AN 2010 B064 Or.2
Library Block B2015-09-29AGR B053RUA017744Library Block BAGR AN 2010 B064 Or.3
Library Block B2015-09-29AGR B053RUA017750Library Block BAGR AN 2010 B064 Or.4
Library Block B2015-09-29AGR B053RUA001837Library Block BAGR AN 2010 B064 Or.5
Library Block B2015-09-29AGR B053RUA001687Library Block BAGR AN 2010 B064 Or.6
Library Block B2015-09-29AGR B053RUA001969Library Block BAGR AN 2010 B064 Or.7
Library Block B2015-09-29AGR B053RUA001773Library Block BAGR AN 2010 B064 Or.8
Library Block B2015-09-29AGR B053RUA001629Library Block BAGR AN 2010 B064 Or.9
មជ្ឈមណ្ឌលឯការនៃសាកលវិទ្យាល័យភូមិន្ទកសិកម្មចំការដូង

Powered by Koha